000 01050nam a2200253Ia 4500
003 GCL
008 140319s9999 xx 000 0 ara d
020 _a039879953
040 _aGCL /
_cGCL
082 0 4 _aق
_b962
_bف م
100 1 _aفيصل جلول
245 1 0 _aمصر بعيون الفرنسيس :
_bبحث فى أصول الثقافة السياسية العربية /
_cفيصل جلول
250 _aالاولى
260 _aبيروت :
_bالدار العربية للعلوم ،
_c2007
300 _a160 ص ؛
_c24 سم
650 0 4 _aالاعتداء الثلاثى على مصر 1956
650 0 4 _aحريق القاهرة 26 يناير 1952
650 0 4 _aحرب يونيو 1967 - مصر
650 0 4 _aجمال عبدالناصر - تاريخ
650 0 4 _aمصر - تاريخ - الحملة الفرنسية (1798-1801م)
650 0 4 _aمصر - الاحوال السياسية - الحملة الفرنسية
650 0 4 _aمصر - الاحوال الاجتماعية - الحملة الفرنسية
942 _2ddc
_cBK
999 _c9468
_d9468